[Event "ICS Rated blitz match"]
[Site "204.178.125.65"]
[Date "2000.02.29"]
[Round "?"]
[White "Hossa"]
[Black "Kob"]
[Result "0-1"]
[WhiteElo "2436"]
[BlackElo "2243"]
[PlyCount "110"]

1. c4 e5 2. Nc3 Bb4 3. Nd5 Be7 4. d4 d6 5. e4 c6 6. Nxe7 Qxe7 7. Ne2 Nf6 8. Bg5
h6 9. Bxf6 Qxf6 10. dxe5 dxe5 11. Nc3 O-O 12. Bd3 Nd7 13. O-O Nc5 14. Be2 Ne6
15. Qd6 Rd8 16. Qb4 Nd4 17. Rfd1 Nc2 18. Qb3 Nxa1 19. Rxa1 Rd2 20. Re1 b6 21.
Nb1 Rd4 22. Nc3 Be6 23. Qa4 b5 24. Qa6 Bxc4 25. Qb7 Rad8 26. Bxc4 Rxc4 27. Qxa7
Rd2 28. Qb8+ Kh7 29. Qa7 b4 30. Na4 Rxe4 31. Rf1 Red4 32. h3 Rd1 33. Nc5 Qf4
34. Qa6 R4d2 35. Ne4 Qxe4 36. f3 Qe3+ 37. Kh2 Qf4+ 38. Kg1 Rd3 39. Qb6 Rxf1+
40. Kxf1 Rd1+ 41. Kf2 Rd2+ 42. Kf1 Rxb2 43. Qf2 Rxf2+ 44. Kxf2 c5 45. Ke2 c4
46. h4 b3 47. g3 Qxg3 48. axb3 cxb3 49. Kd3 b2 50. h5 Qxf3+ 51. Kc4 b1=Q 52.
Kc5 Qc3+ 53. Kd6 Qb6+ 54. Kd7 Qcc7+ 55. Ke8 Qbb8# 0-1

[Event "ICS rated blitz match"]
[Site "204.178.125.65"]
[Date "2000.02.29"]
[Round "?"]
[White "sergor"]
[Black "Hossa"]
[Result "0-1"]
[WhiteElo "2179"]
[BlackElo "2419"]
[PlyCount "131"]

1. d4 Nf6 2. c4 e6 3. Nc3 Bb4 4. e3 O-O 5. Bd3 d5 6. Nf3 dxc4 7. Bxc4 c5 8. O-O
cxd4 9. exd4 Nbd7 10. Qe2 Nb6 11. Bb3 Bd7 12. Ne5 Rc8 13. Qf3 Bc6 14. Nxc6 Rxc6
15. Rd1 Bxc3 16. bxc3 Nfd5 17. Bd2 Qc7 18. Rac1 Rd8 19. g3 Nc4 20. Be1 Ndb6 21.
Bc2 Rcd6 22. Qh5 h6 23. Rd3 Rd5 24. Qf3 Rb5 25. Qe4 Nd6 26. Qe2 Nbc4 27. Rf3
Qc6 28. Qd3 Rf5 29. Rxf5 Nxf5 30. Qe4 Qxe4 31. Bxe4 Nfd6 32. Bf3 Rc8 33. Rb1 b5
34. Kf1 a5 35. Ke2 Kf8 36. Kd3 g5 37. h4 gxh4 38. gxh4 Na3 39. Rb3 a4 40. Rb4
Kg7 41. Bd2 Nf5 42. h5 Nd6 43. Bc1 Nac4 44. Bf4 f6 45. Rb1 e5 46. Rg1+ Kh7 47.
dxe5 fxe5 48. Bc1 Rf8 49. Ke2 e4 50. Bg4 Rf6 51. Bd7 Ne5 52. Bg4 Ndc4 53. Be3
Nd3 54. Bd4 Rf7 55. f3 Nf4+ 56. Kf2 Nd6 57. Rb1 exf3 58. Bxf3 Nxh5 59. Rh1 Nf4
60. Rd1 h5 61. Be5 Nc4 62. Bxf4 Rxf4 63. Kg3 Rf8 64. Rd5 h4+ 65. Kg2 Ne3+ 66.
Kf2 0-1

[Event "ICS Rated blitz match"]
[Site "204.178.125.65"]
[Date "2000.02.29"]
[Round "?"]
[White "Hossa"]
[Black "gambitmaster"]
[Result "0-1"]
[WhiteElo "2425"]
[BlackElo "2531"]
[PlyCount "120"]

1. e4 Nc6 2. d4 e5 3. d5 Nce7 4. c4 Ng6 5. Nf3 Bc5 6. Bd3 Nf6 7. O-O O-O 8. Nc3
d6 9. Na4 Bb6 10. b4 c6 11. Nxb6 Qxb6 12. b5 c5 13. a4 Bg4 14. a5 Qc7 15. a6 b6
16. Re1 Nh5 17. g3 Nf6 18. Bd2 Rae8 19. Re3 Rb8 20. Be2 Bd7 21. Raa3 Rfc8 22.
Bf1 Ng4 23. Re2 Nf8 24. Nh4 Nf6 25. Bg2 Qd8 26. Bg5 Bg4 27. f3 Bd7 28. Rd2 Kh8
29. f4 h6 30. Bxf6 Qxf6 31. fxe5 Qxe5 32. Rf2 f6 33. Raa2 Re8 34. Qd3 Rbc8 35.
Rad2 Kg8 36. Qf1 Qc3 37. Ra2 Nh7 38. Rac2 Qb3 39. Rc1 Ng5 40. Re1 Qc3 41. Ng6
Nh3+ 42. Bxh3 Bxh3 43. Qe2 f5 44. Qd1 fxe4 45. Qe2 Bg4 46. Qf1 e3 47. Rf4 Bh5
48. Nh4 e2 49. Qf2 g5 50. Rf5 Qxc4 51. Nf3 Bg4 52. Nd2 Qd3 53. Rf6 Rf8 54. Nf1
Rxf6 55. Qxf6 Rf8 56. Qa1 Bh3 57. Rxe2 Qxe2 58. Qh8+ Kxh8 59. Ne3 Qxe3+ 60. Kh1
Qe1# 0-1

[Event "ICS unrated blitz match"]
[Site "204.178.125.65"]
[Date "2000.02.29"]
[Round "?"]
[White "Yobes"]
[Black "Hossa"]
[Result "0-1"]
[WhiteElo "1872"]
[BlackElo "2414"]
[PlyCount "44"]

1. d3 d5 2. h3 e5 3. Nf3 Nc6 4. c3 Bd6 5. Bd2 Nf6 6. Qc2 e4 7. dxe4 dxe4 8. Ng1
h6 9. e3 O-O 10. Bc4 Ne5 11. Bb3 a5 12. a4 Nd3+ 13. Kf1 Be6 14. Bxe6 fxe6 15.
h4 Nh5 16. Nh3 Ng3+ 17. Kg1 Nxh1 18. Kxh1 Nxf2+ 19. Kg1 Nxh3+ 20. gxh3 Qxh4 21.
Kh1 Qxh3+ 22. Kg1 Rf1# 0-1

[Event "ICS Unrated blitz match"]
[Site "204.178.125.65"]
[Date "2000.02.29"]
[Round "?"]
[White "Hossa"]
[Black "Amateur"]
[Result "0-1"]
[WhiteElo "2414"]
[BlackElo "2534"]
[PlyCount "138"]

1. d4 Nf6 2. c4 e6 3. Nf3 b6 4. g3 Ba6 5. b3 Bb4+ 6. Bd2 Be7 7. Bg2 c6 8. Bc3
d5 9. Ne5 Ne4 10. O-O Nxc3 11. Nxc3 O-O 12. Re1 f6 13. Nd3 dxc4 14. Nf4 Bb4 15.
Rc1 Re8 16. bxc4 Bxc4 17. Qa4 a5 18. Red1 b5 19. Qc2 Bxc3 20. Qxc3 Bxa2 21.
Bxc6 Nxc6 22. Qxc6 Bb3 23. Rd3 Bc4 24. Rdd1 Rc8 25. Qf3 a4 26. Rb1 Qd6 27. e4
Qe7 28. d5 exd5 29. exd5 Qd6 30. Qg4 a3 31. Rd4 a2 32. Ra1 Qe5 33. Ne6 Re7 34.
Qd1 Ra8 35. Nc5 Rc7 36. Ne6 Rd7 37. Nf4 g5 38. Ne6 Re8 39. Nc5 Rxd5 40. Rxd5
Qxd5 41. Qxd5+ Bxd5 42. Nd3 Re2 43. Rc1 Bc4 44. Nb4 Rb2 45. Nxa2 Rxa2 46. Rd1
b4 47. Rd4 Rc2 48. Rd8+ Kf7 49. h4 b3 50. Kg2 b2 51. Rb8 Bd5+ 52. Kh3 gxh4 53.
Kg4 Rxf2 54. Kxh4 Be4 55. g4 b1=Q 56. Rxb1 Bxb1 57. Kg3 Rb2 58. Kf3 Rb3+ 59.
Ke2 Kg6 60. Kd1 Kg5 61. Ke2 Kxg4 62. Kf2 Rf3+ 63. Ke1 Rd3 64. Kf2 f5 65. Kg2
Rd2+ 66. Kf1 Kf3 67. Kg1 Rd1+ 68. Kh2 Rc1 69. Kh3 Rh1# 0-1

[Event "ICS rated blitz match"]
[Site "204.178.125.65"]
[Date "2000.02.29"]
[Round "?"]
[White "Hossa"]
[Black "Zippy"]
[Result "1-0"]
[WhiteElo "2420"]
[BlackElo "2142"]
[PlyCount "113"]

1. e4 c5 2. Nf3 d6 3. d4 cxd4 4. Nxd4 Nf6 5. Nc3 a6 6. Bg5 Nbd7 7. Be2 Qb6 8.
Nb3 Qc6 9. f3 Nc5 10. Nd4 Qb6 11. Bxf6 gxf6 12. Nd5 Qd8 13. c4 e6 14. Nc3 Bh6
15. Rb1 Rg8 16. g3 e5 17. Nf5 Bxf5 18. exf5 Be3 19. Nd5 Bd4 20. a3 a5 21. a4
Rc8 22. Bd3 Rg5 23. f4 Rg8 24. b3 Rg7 25. Bc2 Rc6 26. g4 h5 27. gxh5 Rg2 28. h6
Kd7 29. h7 Qh8 30. Qh5 Ke8 31. Nxf6+ Ke7 32. Nd5+ Ke8 33. Kd1 Nd7 34. Qh3 Rg1+
35. Rxg1 Bxg1 36. Qh4 f6 37. Qh5+ Kf8 38. Qh6+ Ke8 39. Qg6+ Kf8 40. Qxg1 Qxh7
41. fxe5 dxe5 42. Rb2 Qh6 43. Bd3 Nc5 44. Be2 Qh4 45. Qg6 Rd6 46. Bh5 Rxd5+ 47.
cxd5 Qd4+ 48. Rd2 Qxd2+ 49. Kxd2 Ke7 50. Qe8+ Kd6 51. Qd8+ Nd7 52. Be8 Kxd5 53.
Qxd7+ Ke4 54. Qxb7+ Kf4 55. Qg2 Kxf5 56. Bd7+ Kf4 57. Qg4# 1-0

[Event "ICS rated blitz match"]
[Site "204.178.125.65"]
[Date "2000.02.29"]
[Round "?"]
[White "Zippy"]
[Black "Hossa"]
[Result "1-0"]
[WhiteElo "2137"]
[BlackElo "2425"]
[PlyCount "165"]

1. d4 Nf6 2. c4 e6 3. Nc3 Bb4 4. e3 O-O 5. Bd3 d5 6. Bd2 c5 7. dxc5 Na6 8. cxd5
Nxc5 9. Bc2 exd5 10. a3 Bxc3 11. Bxc3 Nfe4 12. Qh5 Re8 13. Ne2 b6 14. Rd1 Be6
15. O-O Nd7 16. Bxe4 dxe4 17. Ng3 Bc4 18. Rfe1 f6 19. Rd4 Qc7 20. Nxe4 Ne5 21.
Nd6 Red8 22. Nxc4 Nxc4 23. Rc1 Ne5 24. Qf5 Qc6 25. Bd2 Qb7 26. f4 Nf7 27. Qe6
Re8 28. Qc6 Qxc6 29. Rxc6 Nd8 30. Rc2 Ne6 31. Rd7 Nc5 32. Rc7 Ne6 33. R7c6 Nc5
34. g4 Rad8 35. Rc7 Ne4 36. Be1 Rd1 37. Kf1 a5 38. Ke2 Rb1 39. Rb7 g6 40. Rxb6
a4 41. Rb4 h5 42. gxh5 gxh5 43. Rxa4 Kg7 44. Rd4 Kg6 45. a4 Ra1 46. a5 Ra2 47.
Kf3 f5 48. Rc6+ Kg7 49. Rd7+ Kf8 50. Rb6 Rc8 51. Rd5 Ra1 52. Rxf5+ Kg7 53. Rxh5
Rxe1 54. Kxe4 Rc4+ 55. Kd3 Rc7 56. a6 Rd1+ 57. Ke2 Rcd7 58. Kf3 Rf1+ 59. Ke4
Rf2 60. b4 Re7+ 61. Re5 Rxe5+ 62. Kxe5 Rxh2 63. a7 Ra2 64. Rb7+ Kg6 65. f5+ Kh6
66. b5 Ra3 67. e4 Kh5 68. b6 Kh6 69. Kf6 Kh5 70. Rb8 Kg4 71. a8=Q Rxa8 72. Rxa8
Kf4 73. Ra4 Ke3 74. b7 Kd2 75. e5 Kd3 76. e6 Ke3 77. e7 Kd3 78. b8=Q Kd2 79.
Qb2+ Kd3 80. Rd4+ Ke3 81. e8=R+ Kf3 82. Qe2+ Kg3 83. Re3# 1-0

[Event "ICS rated bullet match"]
[Site "204.178.125.65"]
[Date "2000.02.29"]
[Round "?"]
[White "WhereMyBitCHESS"]
[Black "Hossa"]
[Result "0-1"]
[WhiteElo "2200"]
[BlackElo "2411"]
[PlyCount "42"]

1. c4 e5 2. Nc3 Nf6 3. Nf3 Nc6 4. e3 Be7 5. Be2 O-O 6. O-O d5 7. cxd5 Nxd5 8.
d4 exd4 9. exd4 Be6 10. Nxd5 Qxd5 11. b3 Bf6 12. Bb2 Rad8 13. Bc4 Qd6 14. Bxe6
fxe6 15. Re1 Nxd4 16. Bxd4 Bxd4 17. Nxd4 Qxd4 18. Rxe6 Qxf2+ 19. Kh1 Rxd1+ 20.
Rxd1 Qf1+ 21. Rxf1 Rxf1# 0-1

[Event "ICS rated blitz match"]
[Site "204.178.125.65"]
[Date "2000.02.29"]
[Round "?"]
[White "Hossa"]
[Black "warps"]
[Result "0-1"]
[WhiteElo "2398"]
[BlackElo "2571"]
[PlyCount "108"]

1. c4 Nf6 2. Nc3 e5 3. g3 Bb4 4. Bg2 O-O 5. Nf3 Nc6 6. O-O e4 7. Ng5 Bxc3 8.
bxc3 Re8 9. f3 exf3 10. Nxf3 d5 11. cxd5 Qxd5 12. Nd4 Qh5 13. Nxc6 bxc6 14. e3
Bg4 15. Qa4 Re6 16. Bxc6 Rd8 17. Bg2 Be2 18. Rf4 Ra6 19. Qb4 c5 20. Qb7 Bd3 21.
Bf1 Bxf1 22. Rxf1 Qe2 23. Qc7 Re8 24. Qxc5 Ng4 25. Qh5 g6 26. Qh3 Rb8 27. Qg2
Qd3 28. Rf4 Ne5 29. a4 Re6 30. e4 Rb7 31. a5 Rd7 32. Rf2 Ng4 33. Re2 Rd5 34. h3
Rf5 35. hxg4 Rf3 36. Kh2 g5 37. Bb2 Rh6+ 38. Kg1 Rxg3 39. Qxg3 Qxg3+ 40. Rg2
Qh3 41. c4 Qb3 42. Bd4 Qxc4 43. Bxa7 Qxe4 44. Bf2 Qb4 45. Be3 Ra6 46. Rc1 Rxa5
47. Rc8+ Kg7 48. Kf2 Qd6 49. Rg3 h6 50. Re8 f5 51. d4 Ra2+ 52. Kf1 Qxg3 53.
gxf5 Qf3+ 54. Bf2 Qxf2# 0-1

[Event "ICS rated blitz match"]
[Site "204.178.125.65"]
[Date "2000.03.01"]
[Round "?"]
[White "Bonin"]
[Black "Hossa"]
[Result "0-1"]
[WhiteElo "2505"]
[BlackElo "2389"]
[PlyCount "58"]

1. d4 Nf6 2. c4 e6 3. Nf3 b6 4. g3 Bb7 5. Bg2 Be7 6. O-O O-O 7. d5 exd5 8. Nh4
c6 9. cxd5 Nxd5 10. Nf5 Nc7 11. e4 d5 12. Nc3 Bc5 13. Bh6 Ne8 14. Qg4 Bc8 15.
Bg5 f6 16. Bf4 Kh8 17. Qh4 g5 18. Qh5 Bxf5 19. exf5 gxf4 20. Rad1 Ng7 21. Qg4
fxg3 22. hxg3 Qd7 23. Nxd5 cxd5 24. Bxd5 Nc6 25. Kg2 Rad8 26. Rh1 Nxf5 27.
Rxh7+ Qxh7 28. Rh1 Qxh1+ 29. Kxh1 Rxd5 0-1

[Event "ICS rated blitz match"]
[Site "204.178.125.65"]
[Date "2000.03.01"]
[Round "?"]
[White "TimM"]
[Black "Hossa"]
[Result "0-1"]
[WhiteElo "2097"]
[BlackElo "2415"]
[PlyCount "92"]

1. e4 e5 2. Nf3 Nc6 3. Bb5 a6 4. Ba4 Nf6 5. O-O Be7 6. Re1 b5 7. Bb3 O-O 8. c3
d5 9. exd5 Nxd5 10. Nxe5 Nxe5 11. Rxe5 c6 12. Re1 Bd6 13. g3 Qd7 14. d3 Qh3 15.
Re4 Qf5 16. Nd2 Qg6 17. a4 Nf6 18. Re1 Bg4 19. f3 Bh3 20. Nf1 Rae8 21. Bd2 Qxd3
22. Bc2 Bc5+ 23. Be3 Rxe3 24. Nxe3 Bxe3+ 25. Kh1 Qxd1 26. Raxd1 Re8 27. Rd3 Bb6
28. Rxe8+ Nxe8 29. axb5 cxb5 30. Rd1 Be6 31. Be4 Bc7 32. Bb7 a5 33. Bd5 Bh3 34.
b3 Kf8 35. c4 bxc4 36. Bxc4 Nf6 37. Rc1 Bb6 38. Bb5 Nd5 39. Bf1 Bd7 40. Rd1 Be6
41. Bc4 Ne3 42. Rc1 Bxc4 43. bxc4 Bc5 44. Ra1 Bb4 45. Rc1 Bd2 46. Rb1 Nxc4 0-1

[Event "ICS rated blitz match"]
[Site "204.178.125.65"]
[Date "2000.03.01"]
[Round "?"]
[White "Hossa"]
[Black "andante"]
[Result "1-0"]
[WhiteElo "2419"]
[BlackElo "2147"]
[PlyCount "77"]

1. c4 d6 2. Nc3 Nf6 3. d4 g6 4. e4 Bg7 5. Nf3 O-O 6. Be2 c5 7. d5 e6 8. O-O
exd5 9. cxd5 a6 10. Bf4 Re8 11. Bd3 b5 12. Bg5 h6 13. Bxf6 Qxf6 14. Nd2 Nd7 15.
Qc2 c4 16. Be2 Nc5 17. Rfd1 Bd7 18. a3 Rac8 19. Bf3 Nd3 20. Ndb1 Qf4 21. Qd2
Qxd2 22. Rxd2 a5 23. Re2 Nc1 24. Re1 Nb3 25. Ra2 b4 26. Ne2 c3 27. bxc3 bxc3
28. Rc2 Rc5 29. Nexc3 Rec8 30. Re3 Nd4 31. Rb2 Nxf3+ 32. Rxf3 Bxc3 33. Rb7 Bg4
34. Rxc3 Rxc3 35. Nxc3 Rxc3 36. f3 Bc8 37. Rb6 Rxa3 38. Rxd6 a4 39. Rd8+ 1-0

[Event "ICS rated blitz match"]
[Site "204.178.125.65"]
[Date "2000.03.01"]
[Round "?"]
[White "ManOfLaMancha"]
[Black "Hossa"]
[Result "1/2-1/2"]
[WhiteElo "2258"]
[BlackElo "2425"]
[PlyCount "106"]

1. Nf3 d5 2. d4 e6 3. Bg5 f6 4. Bh4 g5 5. Bg3 h5 6. h4 g4 7. Ng1 Bd6 8. Bxd6
Qxd6 9. c3 g3 10. f3 Ne7 11. e3 Nf5 12. Qd2 e5 13. Bd3 Bd7 14. Bxf5 Bxf5 15.
Na3 Na6 16. Ne2 Rg8 17. O-O-O O-O-O 18. Nc2 c5 19. Rhe1 Qb6 20. a3 Qb3 21. Kb1
cxd4 22. cxd4 Kb8 23. Nc1 Bxc2+ 24. Qxc2 Qxc2+ 25. Kxc2 Kc7 26. Nd3 Rc8 27. Kd2
Kd6 28. Rc1 Nb8 29. Rxc8 Rxc8 30. Rc1 Nc6 31. Nb4 Rc7 32. Nxc6 Rxc6 33. Rxc6+
Kxc6 34. Kd3 Kd6 35. Kd2 Ke6 36. Kd3 b5 37. b3 a5 38. a4 bxa4 39. bxa4 Ke7 40.
e4 Ke6 41. Ke3 dxe4 42. fxe4 exd4+ 43. Kxd4 Kd6 44. Kd3 Kc5 45. Kc3 Kd6 46. Kd4
Ke6 47. Kd3 Kd6 48. Kc4 Ke5 49. Kd3 Kd6 50. Kd4 Ke6 51. Kd3 Kd6 52. Kd4 Ke6 53.
Kd3 Kd6 1/2-1/2

[Event "ICS rated blitz match"]
[Site "204.178.125.65"]
[Date "2000.03.01"]
[Round "?"]
[White "Hossa"]
[Black "Bonin"]
[Result "0-1"]
[WhiteElo "2418"]
[BlackElo "2453"]
[PlyCount "74"]

1. e4 e6 2. d4 d5 3. Nd2 c6 4. Ngf3 Nf6 5. Bd3 c5 6. exd5 exd5 7. O-O c4 8. Be2
Bd6 9. Re1 O-O 10. c3 Nc6 11. Nf1 h6 12. Ne3 Re8 13. Bd2 Bg4 14. Nxg4 Nxg4 15.
Rc1 Qc7 16. g3 Re7 17. Nh4 Nf6 18. Nf5 Ree8 19. Ne3 Ne7 20. Bf3 Qc6 21. Qe2 b5
22. Ra1 Ne4 23. Nxd5 Nxd5 24. Bxe4 f5 25. Bxd5+ Qxd5 26. Qxe8+ Rxe8 27. Rxe8+
Kh7 28. Rd8 Qe6 29. Re1 Qf6 30. Rd7 f4 31. Rxa7 f3 32. Rd7 Qf5 33. Ree7 Bxe7
34. Rxe7 Qh3 35. Rxg7+ Kxg7 36. Bxh6+ Kxh6 37. d5 Qg2# 0-1

[Event "ICS rated blitz match"]
[Site "204.178.125.65"]
[Date "2000.03.01"]
[Round "?"]
[White "Hossa"]
[Black "brutus"]
[Result "1-0"]
[WhiteElo "2404"]
[BlackElo "2065"]
[PlyCount "169"]

1. e4 e6 2. d4 d5 3. Nc3 Nf6 4. Bg5 Bb4 5. e5 h6 6. Bd2 Bxc3 7. bxc3 Ne4 8. Nf3
O-O 9. Bd3 Nxd2 10. Qxd2 c5 11. O-O Nc6 12. Rfb1 Na5 13. Qf4 c4 14. Be2 Bd7 15.
Rb2 b6 16. Qg4 Qe7 17. a3 Nc6 18. Qh5 f5 19. Nh4 Qf7 20. Qf3 g5 21. Qg3 Qg7 22.
Nf3 Be8 23. Nd2 Bg6 24. Qh3 g4 25. Qg3 h5 26. Qf4 Kh7 27. Nf1 Qh6 28. Qc1 Qxc1
29. Rxc1 f4 30. f3 Bf5 31. Re1 Rg8 32. Kf2 Kg7 33. g3 gxf3 34. Bxf3 fxg3+ 35.
Nxg3 Bg4 36. Nxh5+ Bxh5 37. Bxh5 Raf8+ 38. Ke3 Kh6 39. Bf3 Ne7 40. Rh1 Nf5+ 41.
Kd2 Nh4 42. Be2 Rf2 43. Ke1 Rgg2 44. Bd1 Rxh2 45. Bg4 Rxh1+ 46. Kxf2 Nf5 47. a4
Kg5 48. Bxf5 Kxf5 49. Kg3 Ra1 50. Kf3 Rxa4 51. Ke2 Ra3 52. Kd2 Ra5 53. Rb1 b5
54. Rf1+ Kg6 55. Rf6+ Kg7 56. Rxe6 Kf7 57. Rd6 a6 58. Rxd5 Ke7 59. Rd6 Ra1 60.
d5 a5 61. Rb6 b4 62. cxb4 axb4 63. Rxb4 Ra5 64. Rb7+ Kd8 65. Kc3 Rxd5 66. e6
Re5 67. e7+ Rxe7 68. Rxe7 Kxe7 69. Kxc4 Kd6 70. Kb5 Kc7 71. Kc5 Kd7 72. c3 Kc7
73. c4 Kd7 74. Kb6 Kc8 75. Kc6 Kd8 76. Kd6 Kc8 77. c5 Kd8 78. c6 Kc8 79. c7 Kb7
80. Kd7 Kb6 81. c8=Q Kb5 82. Qc3 Kb6 83. Qb4+ Ka6 84. Kc8 Ka7 85. Qa5# 1-0

[Event "ICS Rated blitz match"]
[Site "204.178.125.65"]
[Date "2000.03.01"]
[Round "?"]
[White "warps"]
[Black "Hossa"]
[Result "1/2-1/2"]
[WhiteElo "2580"]
[BlackElo "2408"]
[PlyCount "48"]

1. c4 e5 2. Nc3 Nf6 3. Nf3 Nc6 4. g3 Bb4 5. Bg2 O-O 6. O-O Re8 7. Nd5 Nxd5 8.
cxd5 Nd4 9. Nxd4 exd4 10. e4 d6 11. d3 c6 12. Bf4 cxd5 13. Qh5 dxe4 14. Bxe4 h6
15. a3 Bc5 16. b4 Bb6 17. Rfe1 Rb8 18. a4 Be6 19. Bxh6 gxh6 20. Qxh6 f5 21.
Qg6+ Kh8 22. Qh6+ Kg8 23. Qg6+ Kh8 24. Qh6+ Kg8 1/2-1/2

[Event "ICS rated blitz match"]
[Site "204.178.125.65"]
[Date "2000.03.01"]
[Round "?"]
[White "Hossa"]
[Black "warps"]
[Result "1/2-1/2"]
[WhiteElo "2415"]
[BlackElo "2573"]
[PlyCount "137"]

1. d4 Nf6 2. c4 e6 3. Nc3 Bb4 4. e3 O-O 5. Nf3 d5 6. Bd3 c5 7. O-O Nc6 8. a3
Bxc3 9. bxc3 dxc4 10. Bxc4 Qc7 11. Bb2 e5 12. h3 e4 13. Nd2 Na5 14. Be2 Bf5 15.
c4 cxd4 16. exd4 Rad8 17. Bc3 Kh8 18. Rb1 b6 19. Bb4 Rg8 20. Bxa5 bxa5 21. Nb3
e3 22. Ra1 exf2+ 23. Rxf2 Be4 24. d5 Qg3 25. Nxa5 Nxd5 26. cxd5 Bxd5 27. Qd3
Qc7 28. Qb5 a6 29. Qa4 Qb6 30. Nc4 Qa7 31. Rd1 f6 32. Nd2 Rd6 33. Qf4 Re6 34.
Bc4 Re5 35. Bxd5 Rxd5 36. Rc1 Re8 37. Rc7 Qb6 38. Nf1 Rde5 39. Qc4 Rf5 40. Qe2
Rfe5 41. Qc2 Re1 42. Qc4 a5 43. Rf7 Rd8 44. g3 Qe3 45. Qg4 Rg8 46. a4 Qb6 47.
Qc4 Rb1 48. Qc2 Rb3 49. Qe2 Qd6 50. Qe7 Qd4 51. Qd7 Qb6 52. Qf5 Qd4 53. Qxa5
Rb2 54. Nd2 Ra2 55. Re7 Ra3 56. Qc7 Ra1+ 57. Nf1 Qxa4 58. Rxf6 Qd4+ 59. Rf2 Ra2
60. Ne3 Qa1+ 61. Rf1 Qb2 62. g4 h6 63. Ref7 Qd4 64. Qe7 Re2 65. R1f3 Qa1+ 66.
Rf1 Qd4 67. R7f3 Rb2 68. Rf7 Re2 69. R7f3 1/2-1/2

[Event "ICS rated bullet match"]
[Site "204.178.125.65"]
[Date "2000.03.01"]
[Round "?"]
[White "Hossa"]
[Black "FifthAvenue"]
[Result "1-0"]
[WhiteElo "2407"]
[BlackElo "2361"]
[PlyCount "119"]

1. e4 e6 2. d4 d6 3. Bd3 Be7 4. Nf3 Nd7 5. Bd2 a6 6. O-O c5 7. Nc3 Qc7 8. d5 b6
9. Bc4 e5 10. Re1 Ngf6 11. Bg5 b5 12. Be2 O-O 13. a3 Re8 14. Ra2 Nf8 15. Qd2
Ng6 16. Rd1 Bd7 17. Raa1 h6 18. Bxf6 Bxf6 19. Qe3 Rab8 20. Rd2 a5 21. Rad1 Qb6
22. Bd3 Qc7 23. Qe1 Qb6 24. b3 b4 25. Nb1 Qc7 26. Qe3 Qb7 27. a4 Qb6 28. Be2
Qd8 29. Qd3 Nf4 30. Qa6 Ng6 31. Qxd6 Be7 32. Qa6 Ra8 33. Qc4 Nf4 34. Nxe5 Bd6
35. Nxd7 Qxd7 36. Rc1 Be5 37. Qxc5 Bd6 38. Qe3 Rac8 39. Bb5 Qe7 40. Bxe8 Qxe8
41. Qd4 Be5 42. Qa7 Bd6 43. Re1 Be5 44. Qxa5 Rd8 45. Qxb4 Rd7 46. c4 Qd8 47. c5
f6 48. c6 Rd6 49. Qb7 Qe8 50. c7 Qg6 51. c8=Q+ Kh7 52. f3 Nh3+ 53. Qxh3 Bf4 54.
Rd4 Bg5 55. Qhc8 Be3+ 56. Rxe3 Rd8 57. Qxd8 Qe8 58. Qxe8 h5 59. Qxh5+ Kg8 60.
Qbf7# 1-0

[Event "ICS Rated bullet match"]
[Site "204.178.125.65"]
[Date "2000.03.01"]
[Round "?"]
[White "Hossa"]
[Black "drop"]
[Result "1-0"]
[WhiteElo "2421"]
[BlackElo "2218"]
[PlyCount "29"]

1. e4 Nc6 2. Nf3 e5 3. Nc3 d6 4. Bb5 Bd7 5. d3 Be7 6. O-O Nf6 7. Be3 O-O 8. Bd2
Ng4 9. Nd5 Nd4 10. Nxd4 exd4 11. Bxd7 Qxd7 12. Nxe7+ Kh8 13. Nf5 Nf6 14. Bg5
Qe6 15. Nxd4 1-0

[Event "ICS rated bullet match"]
[Site "204.178.125.65"]
[Date "2000.03.01"]
[Round "?"]
[White "JohnConnor1960"]
[Black "Hossa"]
[Result "0-1"]
[WhiteElo "2144"]
[BlackElo "2429"]
[PlyCount "52"]

1. e4 e5 2. Nf3 Nc6 3. c3 Nf6 4. d4 Nxe4 5. d5 Nb8 6. Nxe5 Bc5 7. Nd3 O-O 8.
Be2 Bb6 9. O-O Re8 10. c4 Qh4 11. c5 Nxc5 12. g3 Qf6 13. Nxc5 Bxc5 14. Be3 Rxe3
15. fxe3 Qxb2 16. Nd2 Bxe3+ 17. Kh1 Qxd2 18. Qxd2 Bxd2 19. Rad1 Ba5 20. d6 cxd6
21. Bc4 g6 22. Rxf7 Nc6 23. Rdf1 Ne5 24. Rf8+ Kg7 25. Be2 b5 26. Re8 Bb7+ 0-1

[Event "ICS rated blitz match"]
[Site "204.178.125.65"]
[Date "2000.03.01"]
[Round "?"]
[White "matiovisk"]
[Black "Hossa"]
[Result "0-1"]
[WhiteElo "2233"]
[BlackElo "2422"]
[PlyCount "72"]

1. c4 e5 2. Nc3 Nf6 3. g3 d5 4. cxd5 Nxd5 5. Bg2 Nb6 6. d3 Be7 7. Nf3 Nc6 8.
O-O h5 9. h4 Be6 10. a3 f6 11. Ne4 Na5 12. b4 Nb3 13. Rb1 Nxc1 14. Rxc1 Bd5 15.
Nfd2 g6 16. Qc2 c6 17. Nc5 Bxc5 18. Qxc5 Na4 19. Qc2 Bxg2 20. Kxg2 Nb6 21. a4
Qd4 22. Rb1 O-O 23. Nf3 Qg4 24. b5 Rac8 25. a5 Nd5 26. b6 Nf4+ 27. Kg1 Ra8 28.
e3 Qxf3 29. exf4 exf4 30. Kh2 Rf7 31. d4 f5 32. Rbd1 Re7 33. Qd3 fxg3+ 34. fxg3
Re2+ 35. Qxe2 Qxe2+ 36. Kg1 axb6 0-1

[Event "ICS rated blitz match"]
[Site "204.178.125.65"]
[Date "2000.03.01"]
[Round "?"]
[White "Hossa"]
[Black "matiovisk"]
[Result "1-0"]
[WhiteElo "2430"]
[BlackElo "2225"]
[PlyCount "147"]

1. d4 d5 2. c4 c6 3. Nf3 Nf6 4. cxd5 cxd5 5. Nc3 Nc6 6. Bf4 a6 7. e3 Bg4 8. Be2
e6 9. O-O Bd6 10. Bxd6 Qxd6 11. Rc1 O-O 12. Ng5 Bxe2 13. Qxe2 Rfc8 14. g3 b5
15. a3 Na5 16. Qc2 Nc4 17. Rfd1 Rab8 18. e4 dxe4 19. Ncxe4 Nxe4 20. Qxe4 g6 21.
Qh4 h5 22. Rc2 Nb6 23. Ne4 Qd8 24. Rxc8 Rxc8 25. Qf4 Nd5 26. Qd2 Qc7 27. Nc5 a5
28. Qh6 Qe7 29. b3 b4 30. axb4 axb4 31. Re1 Qf6 32. Re4 Qg7 33. Qd2 Ra8 34. Na4
Rc8 35. Nc5 Ra8 36. Na4 Qf6 37. Re1 Qf3 38. Nc5 Qc3 39. Qd1 Ra2 40. Ne4 Qb2 41.
Qd3 Qc2 42. Qf3 Rb2 43. Nd6 Qc7 44. Ne4 Qc2 45. Nd6 Qc7 46. Ne4 Rc2 47. Nc5 Kg7
48. Qe4 Qd6 49. Qxc2 Nc3 50. Qd2 Nd5 51. Ra1 Nc3 52. Qe3 Nd5 53. Qe5+ Qxe5 54.
dxe5 g5 55. Ra8 Kg6 56. Nd7 Kf5 57. Kg2 h4 58. Rf8 Kg6 59. Rg8+ Kh6 60. gxh4
gxh4 61. Rg4 Kh5 62. Kf3 Nc3 63. Nf6+ Kh6 64. Rxh4+ Kg5 65. Rxb4 Nd5 66. Rg4+
Kf5 67. Nd7 Ne7 68. h4 f6 69. exf6 e5 70. fxe7 Ke6 71. e8=Q+ Kd6 72. Rg6+ Kc7
73. Ke4 Kb7 74. Qb8# 1-0

[Event "ICS rated blitz match"]
[Site "204.178.125.65"]
[Date "2000.03.01"]
[Round "?"]
[White "matiovisk"]
[Black "Hossa"]
[Result "0-1"]
[WhiteElo "2217"]
[BlackElo "2438"]
[PlyCount "46"]

1. d4 Nf6 2. Nf3 e6 3. Bg5 c5 4. e3 d5 5. c3 Be7 6. Nbd2 cxd4 7. exd4 O-O 8.
Bd3 Nc6 9. O-O Re8 10. Qe2 Bd7 11. Rae1 Ng4 12. Bxe7 Qxe7 13. h3 Nf6 14. Ne5
Qd8 15. Kh1 Qa5 16. a3 Rac8 17. f4 Qb6 18. g4 Qxb2 19. g5 Nxe5 20. fxe5 Ne4 21.
Bxe4 dxe4 22. Nxe4 Qxe2 23. Rxe2 Bb5 0-1

[Event "ICS Rated blitz match"]
[Site "204.178.125.65"]
[Date "2000.03.01"]
[Round "?"]
[White "Kair"]
[Black "Hossa"]
[Result "1-0"]
[WhiteElo "2524"]
[BlackElo "2445"]
[PlyCount "61"]

1. d4 Nf6 2. c4 e6 3. Nc3 Bb4 4. Qc2 d5 5. cxd5 exd5 6. Nf3 Ne4 7. e3 Bf5 8.
Bd3 O-O 9. O-O Re8 10. Qb3 Nxc3 11. Bxf5 Ne2+ 12. Kh1 Nc6 13. Bd2 Bxd2 14. Nxd2
Qh4 15. Rae1 Nexd4 16. exd4 Rxe1 17. Rxe1 Qxf2 18. Nf3 Nxd4 19. Qxb7 Rf8 20.
Qxa7 Qxb2 21. Nxd4 g6 22. Bd7 c5 23. Qxc5 Qxa2 24. Ne6 fxe6 25. Bxe6+ Kg7 26.
Qe7+ Rf7 27. Qxf7+ Kh6 28. Qf8+ Kh5 29. g4+ Kg5 30. Re5+ Kh4 31. Qh6# 1-0

[Event "ICS rated blitz match"]
[Site "204.178.125.65"]
[Date "2000.03.01"]
[Round "?"]
[White "Hossa"]
[Black "Kair"]
[Result "0-1"]
[WhiteElo "2433"]
[BlackElo "2536"]
[PlyCount "128"]

1. e4 e5 2. Nf3 Nc6 3. Nc3 Nf6 4. d4 exd4 5. Nxd4 Bb4 6. Nxc6 bxc6 7. Bd3 d5 8.
exd5 cxd5 9. O-O O-O 10. Bg5 c6 11. Qf3 Be7 12. h3 h6 13. Bf4 d4 14. Nb5 Qd5
15. Qe2 cxb5 16. Qxe7 Bf5 17. a4 Bxd3 18. cxd3 Rfe8 19. Qb4 Nh5 20. Bh2 a6 21.
axb5 axb5 22. Rxa8 Rxa8 23. Re1 Ra4 24. Re8+ Kh7 25. Qe1 Nf6 26. Re7 Ra2 27. b4
Qa8 28. Rc7 Qa3 29. Bf4 Ra1 30. Rc1 Rxc1 31. Qxc1 Qxb4 32. Be5 Nd5 33. Qa1 Nc3
34. Kh2 Qc5 35. Bg3 Qf5 36. Qa7 Ne2 37. Qa3 Nxg3 38. fxg3 f6 39. Kg1 h5 40. Qb3
Qe5 41. Kf1 Kg6 42. Qb1 Kf5 43. Qd1 Ke6 44. g4 hxg4 45. Qxg4+ Qf5+ 46. Qxf5+
Kxf5 47. g3 Ke5 48. Ke2 f5 49. Kd2 f4 50. gxf4+ Kxf4 51. h4 g6 52. Kc2 Ke3 53.
Kb3 Kxd3 54. Kb2 Kc4 55. Kc2 d3+ 56. Kd2 b4 57. Ke3 b3 58. Ke4 d2 59. Ke5 b2
60. Kf6 d1=Q 61. Ke6 b1=Q 62. Kf6 Qd4+ 63. Kg5 Qf5+ 64. Kh6 Qh8# 0-1